| 000 | 00999cam a2200289 4500 | ||
|---|---|---|---|
| 008 | 090401t1998 xxu||||| |||| 00| 0 eng d | ||
| 020 | _a0854069054 | ||
| 035 | _a(Sirsi) u92174 | ||
| 041 | _aeng | ||
| 050 | _a526.9 | ||
| 110 | _aFederation International Des Geometres | ||
| 245 | _aXXI International Congress : developing the profession in a developing world (Brighton, 19-25 July 1998). Commission 9 & 10 : valuation and the management of real estate including papers from the Adhoc Commission on construction economics/management. | ||
| 260 |
_aLondon _bFIG _c1998 |
||
| 300 | _aviii,419p. : ill. ; 21cm. | ||
| 350 | _a0 | ||
| 500 | _aAlso held on CD-Rom | ||
| 650 | _aBUILT ENVIRONMENT-BUILDING COSTS | ||
| 650 | _aCONFERENCES | ||
| 650 | _aCORPORATE PROPERTY | ||
| 650 | _aOPERATIONAL PROPERTY | ||
| 650 | _aMANAGEMENT-PROJECT MANAGEMENT | ||
| 650 |
_aProperty management _96262 |
||
| 650 | _aSURVEYORS | ||
| 690 | _aLAND SURVEYING | ||
| 942 | _n0 | ||
| 948 | _c17/03/1999 | ||
| 999 |
_c97726 _d97726 |
||